Catálogo

COMO ENSEÑAR MATEMATICAS A SU BEBE (Registro nro. 28638)

Detalles MARC
000 -LEADER
fixed length control field 00471nam a2200193 a 4500
001 - CONTROL NUMBER
control field 28638
005 - DATE AND TIME OF LATEST TRANSACTION
control field 20180713231548.0
008 - FIXED-LENGTH DATA ELEMENTS--GENERAL INFORMATION
fixed length control field 140415s1994 mx 000 0 spa d
020 ## - INTERNATIONAL STANDARD BOOK NUMBER
International Standard Book Number 9681325559
041 ## - LANGUAGE CODE
Language code of text/sound track or separate title spa
082 ## - DEWEY DECIMAL CLASSIFICATION NUMBER
Classification number 370
Item number POM
100 1# - MAIN ENTRY--PERSONAL NAME
Personal name DOMAN, GLENN
245 10 - TITLE STATEMENT
Title COMO ENSEÑAR MATEMATICAS A SU BEBE
250 ## - EDITION STATEMENT
Edition statement 1a ed.
260 ## - PUBLICATION, DISTRIBUTION, ETC.
Place of publication, distribution, etc. MEXICO :
Name of publisher, distributor, etc. DIANA,
Date of publication, distribution, etc. 1994
300 ## - PHYSICAL DESCRIPTION
Extent 213
650 14 - SUBJECT ADDED ENTRY--TOPICAL TERM
Topical term or geographic name entry element EDUCACION
700 1# - ADDED ENTRY--PERSONAL NAME
Personal name DOMAN, JANET
Relator term tr.
Existencias
Withdrawn status Lost status Source of classification or shelving scheme Damaged status Not for loan Collection code Home library Current library Shelving location Date acquired Source of acquisition Inventory number Total Checkouts Total Renewals Full call number Barcode Date last seen Date last checked out Price effective from Koha item type
    Dewey Decimal Classification     General Biblioteca Karol Wojtyla Biblioteca Karol Wojtyla Sala general 03/12/2013 Compra 151000000000000000044234 1 1 370 POM 50233 05/01/2026 02/09/2021 03/12/2013 Libro